| 000 | 00402nam a2200169Ia 4500 | ||
|---|---|---|---|
| 008 | 230524s9999 xx 000 0 und d | ||
| 020 | _a8174090312 | ||
| 082 |
_a621.402 _bBAL |
||
| 100 | _aP.L.Ballaney | ||
| 245 | 0 | _aThermal Engineering | |
| 250 | _a24TH | ||
| 260 |
_aNEW DELHI _bKhanna _c2003 |
||
| 300 | _aXXIV;1504 | ||
| 500 | _aQuantity Number: 5 | ||
| 650 | _aThermodynamics | ||
| 942 | _cBK | ||
| 999 |
_c25973 _d25973 |
||